[Event "18th Reykjavik op"]
[Site "Reykjavik ISL"]
[Date "1998.03.15"]
[Round "6.27"]
[White "Finnlaugsson, Gunnar"]
[Black "Petermann, Hubert"]
[Result "1-0"]
[WhiteElo "2215"]
[BlackElo "2125"]
[EventDate "1998.03.10"]
[PlyCount "123"]

1.e4 d6 2.d4 g6 3.Nc3 Bg7 4.Nf3 Nf6 5.Be2 O-O 6.h3 $6 ( 6.O-O ) 6...c6 ( 
6...b6 $5 ) 7.O-O b5 $6 ( 7...Nbd7 8.e5 ( 8.Bf4 Nh5 9.Be3 e5 10.Qd2 Re8 ) 
8...Ne8 9.Bf4 dxe5 ( 9...f6 $1 $10 ) 10.dxe5 Nc7 11.Qc1 $14 ) 8.e5 Ne8 9.
Bf4 a5 $6 ( 9...Nd7 10.a4 b4 11.Ne4 Nb6 12.Qd2 a5 13.Rfd1 $36 ) 10.Re1 $6 
( 10.Ne4 Be6 11.Re1 Bd5 12.Nc3 Nc7 13.Qd2 $16 ) 10...d5 $1 11.Bd3 ( 11.a4 
b4 12.Nb1 $36 {ii bd2-b3,c3} ) ( 11.Qd2 $14 ) 11...Na6 12.Ne2 ( 12.a3 Nec7
13.Ne2 c5 14.c3 ) 12...Nb4 13.Ng3 Nc7 $6 ( 13...Nxd3 14.cxd3 ( 14.Qxd3 Nc7
15.Qd2 Re8 16.Bh6 Kh8 17.h4 $36 ) 14...Nc7 15.Rc1 Bd7 $14 ) 14.Bf1 Ne6 15.
Bd2 ( 15.Be3 f6 16.c3 Na6 17.Qd2 ) 15...Qb6 16.c3 Na6 17.Ng5 $1 {ii 
e6,f4-f5} 17...c5 $2 ( 17...Nac7 18.Nxe6 Nxe6 19.f4 $36 ) ( 17...Nxg5 18.
Bxg5 f6 19.Bf4 Nc7 $14 ) 18.Nxe6 Bxe6 19.dxc5 Nxc5 ( 19...Qxc5 20.Be3 Qc6 
21.f4 $16 {ii f3,f5,ii e2-d4} ) 20.Be3 Qc6 21.f4 Rad8 $2 ( 21...b4 22.cxb4
axb4 23.Rc1 ) ( 21...Rab8 22.Qf3 ( 22.Ne2 $16 ) 22...Ne4 $132 ) 22.Ne2 Ne4
23.Nd4 Qb7 24.Bxb5 $18 g5 ( 24...Bd7 25.Bxd7 ( 25.a4 ) 25...Rxd7 ( 25...
Qxd7 26.a4 ) 26.e6 ) 25.a4 gxf4 26.Bxf4 Kh8 ( 26...Qc7 27.Qh5 ) 27.Rf1 ( 
27.Qh5 $18 {ii e2,id3} ) 27...Rg8 28.Qh5 Qc8 29.Kh2 Rdf8 30.Rae1 $2 ( 30.
Bd3 Qb8 31.Rf2 $18 ) 30...f5 $1 31.exf6 $2 ( 31.Nf3 Bd7 $16 ) 31...Rxf6 
32.Nxe6 $2 ( 32.Be5 Rg6 ) ( 32.Re2 ) 32...Qxe6 33.g3 $1 Rf5 34.Qe2 Be5 
$132 35.Bd3 Bxf4 36.gxf4 Qd6 $5 ( 36...Rg3 37.Bxe4 ( 37.Rf3 Rxf3 38.Qxf3 
Qd6 $40 ) 37...Rxh3+ 38.Kxh3 $4 ( 38.Kg2 Qg6+ 39.Kf2 Qg3# ) ( 38.Kg1 dxe4 
39.Qxe4 Qg6+ 40.Kf2 Rh2+ 41.Ke3 $13 ) 38...Rh5+ $2 ( 38...Rg5+ $1 39.f5 
Qh6+ ) 39.Kg2 Qh3+ 40.Kg1 dxe4 41.Qg2 ) 37.Qe3 $4 ( 37.Bxe4 Rxf4 38.Rxf4 
Qxf4+ 39.Kh1 dxe4 40.Qxe4 Qf2 41.Qd4+ Qxd4 42.cxd4 Rg3 43.Kh2 Rb3 $10 ) 
37...Ng3 $4 ( 37...Rg3 38.Qd4+ ( 38.Rf3 Rxf3 39.Qxf3 Rxf4 ) 38...Rg7 ( 
38...e5 39.fxe5 Rxh3+ 40.Kxh3 Qh6+ 41.Kg2 Qg6+ 42.Kh2 Rh5# ) 39.Bxe4 Rxf4 
40.Qxd5 $4 ( 40.Rxf4 Qxf4+ 41.Kh1 dxe4 42.Qd8+ Rg8 43.Qd4+ e5 ( 43...Rg7 
44.Qxe4 $4 ( 44.Qd8+ $10 ) 44...Qg3 $19 ) 44.Qxe4 ) ( 40.Kh1 $1 dxe4 41.
Qxd6 Rxf1+ 42.Rxf1 exd6 43.Rf8+ Rg8 44.Rxg8+ Kxg8 45.b4 $18 ) 40...Rf2+ 
41.Kh1 Rh2# ) 38.Rf3 Ne4 39.Bxe4 dxe4 40.Qxe4 $18 Qg6 41.Qd4+ e5 42.Qf2 
exf4 43.Qd4+ Qf6 ( 43...Rg7 44.Rg1 Rg5 45.Qd8+ ) 44.Re4 Qxd4 45.Rxd4 Rfg5 
46.Rd2 Rf5 47.Rdf2 Rb8 48.Kg2 Kg7 49.Kf1 Kg6 50.Ke1 Re5+ 51.Kd1 Re4 52.Kc2
Kf5 53.b3 Ke5 54.Rd3 Re3 55.Rd7 Rxh3 56.Re7+ Kf6 57.Re4 Kg5 58.Rexf4 Rd8 
59.Rf5+ Kg4 60.R2f4+ Kg3 61.Rf3+ Kg4 62.Rxh3 1-0

[Event "18th Reykjavik op"]
[Site "Reykjavik ISL"]
[Date "1998.03.15"]
[Round "6.29"]
[White "Halldorsson, Jon Arni"]
[Black "Ragnarsson, Johann"]
[Result "1-0"]
[WhiteElo "2185"]
[BlackElo "2110"]
[EventDate "1998.03.10"]
[PlyCount "71"]

1.d4 d5 2.Nf3 c6 3.c4 e6 4.e3 f5 5.Nc3 Bd6 6.Bd3 Nf6 7.O-O O-O 8.Ne5 Bxe5 
9.dxe5 Ng4 10.f4 d4 11.h3 dxc3 12.hxg4 fxg4 13.g3 c5 14.Rf2 b6 15.Qc2 Bb7 
16.Bxh7+ Kf7 17.Qg6+ Ke7 18.Qxg4 Kd7 19.bxc3 Qe7 20.Rd2+ Kc7 21.Rd6 g5 22.
Bg6 Rh8 23.e4 Rh6 24.Qxe6 Qxe6 25.Rxe6 Nd7 26.fxg5 Rh3 27.Kg2 Rah8 28.Bf4 
Rh2+ 29.Kf3 Bc8 30.Re8 Rxe8 31.Bxe8 Kd8 32.Bf7 Rc2 33.e6 Rxc3+ 34.Kf2 Rc2+
35.Kf1 Nf8 36.Rd1+ 1-0

[Event "18th Reykjavik op"]
[Site "Reykjavik ISL"]
[Date "1998.03.15"]
[Round "6.30"]
[White "Wiese, Hans Joachim"]
[Black "Thorfinnsson, Bjoern"]
[Result "0-1"]
[WhiteElo "2165"]
[BlackElo "2100"]
[EventDate "1998.03.10"]
[PlyCount "50"]

1.e4 e5 2.Nf3 Nc6 3.Bb5 a6 4.Ba4 Nf6 5.O-O b5 6.Bb3 Bc5 7.c3 Nxe4 8.d4 Bb6
9.dxe5 Nc5 10.Bc2 Ne6 11.Nbd2 Bb7 12.Ne4 Qe7 13.b4 O-O-O 14.a4 f5 15.Ned2 
Nf4 16.axb5 axb5 17.Nb3 Nxg2 18.Bg5 Qf7 19.Bd3 h6 20.Bxb5 hxg5 21.Ba6 Bxa6
22.Rxa6 Nh4 23.Nxh4 Rxh4 24.Qd3 Qc4 25.Rd1 Qxd3 0-1

[Event "18th Reykjavik op"]
[Site "Reykjavik ISL"]
[Date "1998.03.15"]
[Round "6.32"]
[White "Lehikoinen, Pertti"]
[Black "Asgeirsson, Heimir"]
[Result "1-0"]
[WhiteElo "2250"]
[BlackElo "2140"]
[EventDate "1998.03.10"]
[PlyCount "53"]

1.d4 Nf6 2.c4 g6 3.Nc3 d5 4.cxd5 Nxd5 5.Bd2 Bg7 ( 5...Nb6 $1 $11 ) 6.e4 
Nb6 7.Be3 O-O 8.Be2 f5 9.exf5 gxf5 10.Nh3 Nc6 11.Qb3+ e6 ( 11...Kh8 12.d5 
Nd4 13.Bxd4 Bxd4 14.Rd1 $14 ) 12.Nf4 Nxd4 13.Bxd4 Qxd4 ( 13...Bxd4 $5 ) 
14.Nxe6 Bxe6 15.Qxe6+ Kh8 16.Qb3 Rae8 17.O-O $14 Be5 18.Rad1 Qh4 19.g3 Qf6
20.Bf3 c6 21.Rd3 $2 ( 21.a4 $1 $14 ) 21...Rf7 $4 ( 21...Rd8 $14 ) ( 21...
Bd4 $142 $1 {22...c5 23...Nd7 24...Ne5 $15} ) 22.Bh5 $18 Ref8 23.Bxf7 Rxf7
24.Re1 Nd7 25.Qd1 Nc5 26.Rf3 Ne6 27.Rfe3 1-0

[Event "18th Reykjavik op"]
[Site "Reykjavik ISL"]
[Date "1998.03.15"]
[Round "6.33"]
[White "Schubert, Hans Joachim"]
[Black "Valgardsson, Gudjon Heidar"]
[Result "1-0"]
[WhiteElo "2070"]
[BlackElo "2114"]
[EventDate "1998.03.10"]
[PlyCount "61"]

1.e4 e6 2.d4 d5 3.exd5 Qxd5 4.Nf3 Nf6 5.Be2 Qd8 6.O-O Bd6 7.c4 b6 8.Nc3 a6
9.Ne5 Bb7 10.Bf3 c6 11.Re1 Qc7 12.h3 Bxe5 13.dxe5 Nfd7 14.Qe2 O-O 15.Bg5 
Re8 16.Bh4 a5 17.b3 Na6 18.Rad1 Nac5 19.Rd4 Nf8 20.Red1 Ncd7 21.Rd6 Nc5 
22.Qd2 Ra6 23.Qd4 Ng6 24.Bd8 Qc8 25.Bxb6 Rxb6 26.Qxc5 Ra6 27.Ne4 Qb8 28.g3
Ne7 29.Rd7 Nf5 30.Bg4 g6 31.Nf6+ 1-0

[Event "18th Reykjavik op"]
[Site "Reykjavik ISL"]
[Date "1998.03.16"]
[Round "7.1"]
[White "Christiansen, Larry"]
[Black "Hansen, Curt"]
[Result "1-0"]
[WhiteElo "2575"]
[BlackElo "2595"]
[EventDate "1998.03.10"]
[PlyCount "69"]

1.e4 c5 2.Nf3 d6 3.Bb5+ Bd7 4.Bxd7+ Qxd7 5.O-O Nc6 6.b3 Nf6 7.Re1 g6 8.c3 
Bg7 ( 8...Ne5 9.d4 Nxf3+ 10.Qxf3 cxd4 11.cxd4 Qg4 12.Qd3 Bg7 13.Nc3 O-O 
14.f3 Qd7 15.Bb2 Rfc8 16.Rad1 Rd8 17.f4 Rac8 18.h3 $14 {E-E 
Yudasin,L-Petursson,M/ISL-ISR Reykjavik 1996/CBM 53 (30)} ) 9.d4 cxd4 ( 
9...O-O 10.d5 Na5 11.Nbd2 b5 12.Bb2 Nh5 13.Qc2 e6 14.dxe6 Qxe6 15.c4 Bxb2 
16.Qxb2 bxc4 17.Qc3 Nc6 18.Nxc4 $16 {1-0 Sadvakasov,D-Steinhoff,I/WchJT 
U26 1997/EXT 97 (30)} ) 10.cxd4 d5 11.e5 Ne4 12.Bb2 O-O 13.Nbd2 f5 14.exf6
Nxd2 15.Ne5 Nxe5 16.dxe5 exf6 17.e6 $5 $146 {a new move, which at first 
thought seems to be good for white, but I think black can get equality 
here, anyway black lost because of a big mistake later.} ( 17.Qxd2 fxe5 
18.Bxe5 Rf5 19.Bxg7 Qxg7 20.Rad1 Rd8 21.Re4 b6 22.Rd4 Qe7 23.Re1 Re5 24.
Rxe5 Qxe5 25.g3 Kg7 26.Kg2 Rd7 27.h3 Rd8 28.h4 $11 {/i E-E 
Leko,P-Polgar,J/Fontys 1997/CBM 61 (48)} ) 17...Qd6 18.Qxd2 Rfe8 19.Qe3 a5
$6 {[%csl Rb6,Rc5]} ( 19...b6 $5 ) 20.Rad1 Re7 ( 20...Rac8 $5 {this seems 
as quite simple plan,to play "f5" when the rooks are on "e8" and "c7" so 
that after white takes on "g7" black takes back with the rook on "c7" so 
he still has pressure on the "e6" pawn} 21.Re2 Rc7 22.Bd4 f5 23.Bxg7 Rxg7 
{[%csl Re6][%cal Gg7e7]} ) 21.Bd4 Rc8 $8 22.Re2 Rc6 23.Rde1 f5 ( 23...Qb4 
$5 ) 24.Bxg7 Kxg7 25.Qd4+ Kg8 26.h4 $1 ( 26.Re5 $2 Rxe6 27.Rxe6 Qxe6 28.
Rxe6 $4 Rc1+ ) 26...h5 27.Re5 ( 27.Qf6 Kh7 ) 27...Qb4 $2 {a very big 
mistake after which black gets a very bad position,probably a losing one.I
really do not like black's position after 27...Rc5 he is passive but 
alive! and it's not easy to find something for white there althought it's 
clear white's better,but here black just looses a pawn immediately} ( 
27...Rc5 $5 28.R5e3 ( 28.Qf4 Rxe6 ( 28...Qc6 $4 29.Qg5 $18 ) 29.Rxe6 Qxf4 
30.Re8+ Kf7 31.R1e7+ Kf6 32.Re6+ $11 ) ( 28.a3 $5 {[%cal Gb3b4]} ) 28...
Kh7 29.Qf6 Rc2 30.Rg3 Rg7 31.Re5 ( 31.Rxg6 Rxg6 32.Qf7+ Kh6 ( 32...Rg7 33.
Qxf5+ Kg8 34.Qxc2 ) 33.e7 Rxf2 $1 $11 ) 31...Rcc7 32.Rd3 $36 ) 28.Qxd5 Rd6
( 28...Qxh4 29.Qxa5 ) ( 28...a4 $142 29.Qd8+ Kg7 ) 29.Qxa5 Qxh4 ( 29...
Qxa5 30.Rxa5 Rexe6 31.Rxe6 Rxe6 32.Rb5 b6 33.a4 $18 ) 30.Rb5 {threatening 
Rxb7 followed by Qa8} 30...Kg7 $2 {the decisive mistake which loses 
immediately} ( 30...Kh7 $8 $16 ) 31.Rxf5 $1 $18 Rexe6 32.Rxe6 Rxe6 33.Qc3+
Kh7 34.Rf7+ Kh6 35.Qh8+ {quite important game for the theory,but with too 
many tactical mistakes by black...} ( 35.Qh8+ Kg5 36.Qd8+ $18 ) 1-0

[Event "18th Reykjavik op"]
[Site "Reykjavik ISL"]
[Date "1998.03.16"]
[Round "7.2"]
[White "De Firmian, Nick"]
[Black "Westerinen, Heikki"]
[Result "1/2-1/2"]
[WhiteElo "2590"]
[BlackElo "2410"]
[EventDate "1998.03.10"]
[PlyCount "98"]

1.e4 Nf6 2.e5 Nd5 3.d4 Nb6 4.a4 a5 5.Nf3 ( 5.Bd3 d5 6.Ne2 ) 5...d5 6.Bd3 (
6.exd6 ) 6...Bg4 7.h3 Bxf3 8.Qxf3 e6 9.O-O ( 9.Qg3 $5 c5 10.dxc5 N6d7 11.
Nc3 Nc6 ( 11...Nxc5 $5 12.Nb5 Nxd3+ 13.cxd3 Bb4+ 14.Kf1 Kf8 15.h4 Nc6 $13 
{Stefansson,H-Westerinen,H/VISA ch-Nordic, Reykjavic ISL 1997/0-1 (58)} ) 
12.Nb5 $5 ( 12.Bf4 Nxc5 13.Bb5 g6 14.O-O-O Bg7 15.Be3 Nd7 16.f4 Rc8 $132 {
Keskisarja,T-Westerinen,H/Finnish-ch 0 (29)} ) 12...Ndxe5 13.Bf4 f6 14.
O-O-O $36 Qd7 {i ic5, 0-0} 15.Be3 Rc8 16.Be2 {i f4} 16...Qf7 17.f4 Nd7 18.
Rhe1 $16 {Benjamin,J-Alburt,L/New York (open) 1990 (35)} ) 9...c5 10.c3 ( 
10.dxc5 $5 N6d7 $5 ( 10...Bxc5 11.Qg3 g6 12.Nc3 Nc6 13.Nb5 $14 {[%cal 
Gc2c3,Gc1h6,Gc1g5]} ) 11.Bb5 Nc6 12.Qg3 Qc7 13.Re1 Nxc5 14.Nc3 O-O-O 15.
Bg5 $14 ) 10...Nc6 11.Be3 Nd7 12.Nd2 g6 ( 12...Qh4 $5 13.Qg4 Qxg4 14.hxg4 
h5 15.g5 g6 $13 ) 13.Qg3 Qb6 14.Bb5 Be7 ( 14...cxd4 15.cxd4 Nxd4 $6 16.Qg4
$1 ( 16.Nb3 Qxb5 17.Nxd4 Qb4 18.Nb5 Rc8 19.Rfc1 Rxc1+ 20.Rxc1 $13 ) 16...
Bc5 17.Bxd7+ Kxd7 18.Rac1 h5 $8 19.Qd1 $16 {[%csl Rf7][%cal Gc1c5,Gd2f3]} 
) 15.dxc5 Bxc5 16.Rfe1 Bxe3 17.Rxe3 Rd8 18.Nf3 $14 Ne7 ( 18...O-O 19.Qh4 
$1 $40 {[%cal Gh4h6,Gf3g5]} ) 19.Nd4 O-O 20.Qh4 Nf5 ( 20...Nc6 21.Nf3 $16 
) 21.Nxf5 exf5 $8 22.Rd1 Nc5 23.Qh6 {[%cal Gd1d4,Gd4h4]} 23...Ne6 $8 24.
Red3 d4 $8 25.Qd2 ( 25.cxd4 $5 Rxd4 26.Rxd4 Nxd4 27.Qe3 Rd8 28.b3 $1 {
[%cal Gb5c4,Gh3h4,Gh4h5,Re5e6]} ( 28.Bc4 {[%cal Re5e6]} 28...Qxb2 29.e6 
fxe6 30.Bxe6+ Kg7 31.Bc4 ( 31.Qe5+ Kh6 32.Qe3+ Kg7 ) 31...Qb6 32.Qe7+ Kh6 
33.Qh4+ Kg7 $11 ) 28...Qc5 29.Bc4 b6 30.h4 $16 {[%cal Gh4h5,Gh5h6,Ge5e6]} 
) 25...Nc5 26.cxd4 $5 ( 26.Rxd4 Nb3 27.Rxd8 ( 27.Rd6 $2 Nxd2 28.Rxb6 Nf3+ 
29.gxf3 Rxd1+ 30.Kg2 Rb8 $15 ) 27...Nxd2 28.R8xd2 $11 ) 26...Nxd3 27.Qxd3 
Qc7 28.f4 $14 {[%cal Gd4d6]} 28...Rc8 29.d5 Qc5+ 30.Qd4 {After} ( 30.Kh2 
Qf2 {[%csl Rb2,Rf4] white doesn't succeid to keep the queens.} ) 30...Rfd8
31.d6 Qxd4+ 32.Rxd4 Rc1+ 33.Kh2 Kf8 34.b3 h6 35.h4 Rc3 36.Bc4 b6 37.Rd5 
Rc1 38.Kg3 ( 38.Rd3 $5 $14 {[%cal Gh2g3,Gg3e3,Ge3d2]} ) 38...Rc3+ 39.Kf2 
Rc2+ 40.Kf3 Rc3+ 41.Kf2 Rc2+ 42.Kf3 Rc3+ 43.Rd3 {Offering a draw.} 43...
Rxd3+ 44.Bxd3 Rc8 $11 45.Bc4 Rc5 46.Ke3 Ke8 47.Kd4 Kf8 48.Kc3 Ke8 49.Kd3 
Kf8 ( 49...g5 $2 50.g3 $16 {[%csl Rf5][%cal Gd3d4,Gc4d3]} ) 1/2-1/2

[Event "18th Reykjavik op"]
[Site "Reykjavik ISL"]
[Date "1998.03.16"]
[Round "7.3"]
[White "Hall, Jesper"]
[Black "Miles, Richard"]
[Result "1-0"]
[WhiteElo "2460"]
[BlackElo "2595"]
[EventDate "1998.03.10"]
[PlyCount "120"]

1.e4 Nc6 2.d4 e5 3.d5 Nce7 4.Nf3 Ng6 5.h4 h5 6.Bg5 Nf6 ( 6...Be7 7.g3 ( 7.
Qd2 Nf6 8.Nc3 d6 9.O-O-O a6 10.Nh2 b5 11.Bd3 Nd7 $132 {
Henao,R-Pacey,K/Saint John op-2 1988/CBM 06/E-E (42)} ) 7...d6 8.Nbd2 Bg4 
9.Bb5+ Kf8 10.Be2 $14 {Ostojic,P-Kaulfuss,H/OLHessen 1991/GER 02/E-E (57)}
) ( 6...f6 7.Be3 d6 8.Nc3 Nh6 9.Bb5+ Kf7 $14 {1-0 Piazzini,L-Emma,J/Buenos
Aires-ch 1959/MCD-ch (39)} ) 7.Nc3 ( 7.Nfd2 Bc5 8.Be2 d6 9.Nc3 Nf4 10.Bf3 
$14 {1-0 Chabanon,J-Canonne,A/FRA-chT 1991/TD 91\02 (18)} ) 7...Be7 ( 7...
Bc5 8.Na4 Bb4+ 9.c3 Be7 10.Bxf6 Bxf6 11.d6 cxd6 12.g3 d5 13.Qxd5 d6 14.
Bb5+ $36 {1-0 Ivanov,A-Benjamin,J/USA-ch Parsippany (9) 1996/CBM 55 (35)} 
) 8.Bxf6 Bxf6 9.d6 c6 ( 9...cxd6 $6 10.g3 Be7 11.Nd2 b6 ( 11...Nf8 $6 12.
Nc4 Rh6 13.Nb5 $16 ) 12.Nc4 $14 ) 10.g3 Nf8 $1 {Anthony Miles wird diese 
unkonventionelle Stellung sicher gefallen haben. Sein Springer strebt den 
bombensicheren Stuetzpunkt e6 an, wonach er (endlich) zur Entwicklung des 
Damenfluegels schreiten kann. Ich habe wegen des weit vorgerueckten Bauern
auf d6, der die schwarze Stellung quasi in zwei Haelften teilt, dennoch 
Bedenken. Im Moment lae@t t er sich zwar noch recht gut umspielen, aber 
die wei@elen, e Initiative will erstmal vollstaendig neutralisiert sein.} 
11.Qd2 Ne6 12.Bh3 b6 13.O-O-O a5 14.Kb1 Ra7 {der Sinn dieses Zuges ist mir
nicht ganz klar (mysteri@ert ser Turmzug ?)} 15.Ne2 Nc5 16.Qe3 Kf8 17.Nc1 
a4 18.a3 Ra5 19.Ng5 Ba6 20.Rh2 {Wei@ug lae@ug t sich in Bezug auf 
originelle Turmzuege nicht lumpen. Allerdings kann ich Th2 leichter 
nachvollziehen als Ta7: nach f2-f4 k@f4 nnen die Tuerme schneller auf der 
d- bzw f-Linie verdoppelt werden.} 20...Qe8 21.Re1 Nb7 22.Rd1 ( 22.Qxb6 $6
Bd8 23.Qe3 ( 23.Qb4 Rb5 24.Qd2 Rh6 $132 ) ( 23.Qa7 $2 Nc5 24.Qb8 ( 24.b4 
axb3 25.Nxb3 Nxb3 26.Bxd7 Bc4 27.Qxa5 Bxa5 28.Bxe8 Kxe8 $17 ) 24...Rb5 25.
Qa8 Ba5 26.Qxe8+ Kxe8 27.Re3 Bd2 $17 ) 23...Nxd6 $132 ) 22...Rh6 23.f4 
Bxg5 24.fxg5 Rxd6 25.Rxd6 Nxd6 26.Qxb6 Nc4 27.Qb4+ c5 28.Qc3 Qd8 $2 ( 
28...Qb8 $1 29.Bxd7 ( 29.Ka1 Qd6 $132 ) 29...Qb7 $132 ) 29.Rf2 $1 Rb5 30.
Nd3 Rb8 31.Nxe5 ( 31.g6 $5 f6 32.Nxe5 Rxb2+ ( 32...Nxe5 33.Qxe5 Qb6 ( 
33...d6 34.Qxh5 $18 ) 34.Bxd7 $18 ) 33.Ka1 Rb1+ 34.Kxb1 Qb8+ 35.Kc1 Qxe5 
36.Qxe5 Nxe5 37.Rf5 $18 ) 31...Nxe5 32.Qxe5 d6 33.Qf5 $6 ( 33.Qd5 $1 Rb7 
34.g6 f6 35.Qxh5 $18 ) 33...Bc4 $1 34.Bf1 ( 34.Qh7 $2 {laeuft in den 
Konter} 34...Qa5 $1 ) 34...Qb6 35.c3 Qb5 36.Bxc4 ( 36.Qxf7+ $2 Bxf7 37.
Bxb5 Rxb5 38.g6 Rb7 {und es ist mir nicht klar, ob Wei@ zu gewinnen 
vermag, weil das Bauernendspiel nach} 39.Rxf7+ Rxf7 40.gxf7 Kxf7 41.b3 ( 
41.Kc2 c4 $11 ) 41...axb3 42.a4 Ke6 43.c4 Kd7 $11 {nur remis ist.} ) ( 36.
Ka1 $5 ) 36...Qxc4 37.g6 f6 38.Qd5 {wickelt in ein sehr gewinntraechtiges 
Turmendspiel ab} 38...Qxd5 39.exd5 Ke7 ( 39...Re8 40.Rf4 Re1+ 41.Ka2 Rg1 
42.Rxa4 Rxg3 43.Ra8+ Ke7 44.Ra7+ Kf8 45.a4 $18 ) 40.Re2+ Kd7 41.Re4 Ra8 
42.Kc2 Kd8 {passive Verteidigung ist im Turmendspiel selten das richtige 
Rezept, doch welchen Zug sollte Miles sonst machen ? Hall bringt in der 
Folge seinen K@nen nig zum K@ nigsfluegel, spielt g3-g4 und verschafft 
seinem Mehrbauern damit Geltung:} 43.Kd3 Kd7 44.Rf4 Ke7 45.Ke3 Kd7 46.Kf3 
Kc7 47.Re4 Kd7 48.Kf4 Ra5 49.g4 hxg4 50.Kxg4 c4 51.Rxc4 Rxd5 52.Rxa4 Rd2 
53.Ra7+ Ke6 54.Rxg7 Rxb2 55.h5 Rg2+ 56.Kf3 Rh2 57.Rh7 Rh3+ 58.Kg2 Rxc3 59.
Ra7 Rc5 60.g7 Rxh5 1-0

[Event "18th Reykjavik op"]
[Site "Reykjavik ISL"]
[Date "1998.03.16"]
[Round "7.4"]
[White "Agdestein, Simen"]
[Black "Thorhallsson, Throestur"]
[Result "1-0"]
[WhiteElo "2570"]
[BlackElo "2480"]
[EventDate "1998.03.10"]
[PlyCount "121"]

1.c4 c6 2.d4 d5 3.Nf3 Nf6 4.e3 e6 5.Bd3 Nbd7 6.O-O dxc4 7.Bxc4 Bd6 8.Qc2 
O-O 9.e4 e5 10.dxe5 Nxe5 11.Nxe5 Bxe5 12.Nd2 Bc7 13.f4 Nh5 14.g3 Bh3 15.
Nf3 Bb6+ 16.Kh1 Bxf1 17.Bxf1 Nf6 18.Bd2 Qd7 19.Kg2 Ng4 20.Re1 Nf2 21.f5 
Rad8 22.Bc4 Nd3 23.Re2 Bc7 24.Bg5 Ne5 25.Rd2 Qc8 26.Bxd8 Nxf3 27.Kxf3 Rxd8
28.Rxd8+ Bxd8 29.e5 Be7 30.e6 f6 31.Qd1 Kf8 32.Kg2 Qd8 33.Qh5 Qd2+ 34.Be2 
Qd5+ 35.Bf3 Qd2+ 36.Be2 Qd5+ 37.Kh3 g6 38.fxg6 Qxh5+ 39.Bxh5 hxg6 40.Bxg6 
Kg7 41.Be4 a5 42.b3 Kh6 43.Kg4 Kg7 44.h4 Kh6 45.Bf5 Bd6 46.h5 Kg7 47.Bg6 
Be7 48.Kf5 Bd8 49.Be8 Be7 50.Bd7 Kh6 51.g4 Kg7 52.Bc8 b5 53.Bd7 a4 54.Bxc6
axb3 55.axb3 b4 56.Be4 Kh6 57.Bd3 Bd8 58.Ke4 Kg5 59.Kd5 Be7 60.Bf5 Kh6 61.
Kc6 1-0

[Event "18th Reykjavik op"]
[Site "Reykjavik ISL"]
[Date "1998.03.16"]
[Round "7.5"]
[White "Hillarp Persson, Tiger"]
[Black "Stefansson, Hannes Hlifar"]
[Result "1/2-1/2"]
[WhiteElo "2410"]
[BlackElo "2540"]
[EventDate "1998.03.10"]
[PlyCount "121"]

1.d4 d5 2.c4 c6 3.Nf3 Nf6 4.Nc3 e6 5.Bg5 h6 6.Bxf6 Qxf6 7.e3 Nd7 8.Rc1 g6 
9.Bd3 dxc4 10.Bxc4 Bg7 11.O-O O-O 12.Re1 Qe7 13.Qe2 Rd8 14.e4 c5 15.d5 Nb6
16.h3 Nxc4 17.Qxc4 b6 18.e5 exd5 19.Nxd5 Qe6 20.Nc7 Qxc4 21.Rxc4 Rb8 22.e6
fxe6 23.Nxe6 Re8 24.Nxg7 Rxe1+ 25.Nxe1 Kxg7 26.Nc2 Be6 27.Re4 Kf6 28.Ne3 
Rd8 29.Ra4 a5 30.b3 Rd4 31.Rxd4 cxd4 32.Nd1 Bf5 33.Nb2 Bb1 34.a3 Bc2 35.b4
axb4 36.axb4 d3 37.Kf1 Ke5 38.Ke1 Kd4 39.Kd2 g5 40.f3 h5 41.g3 b5 42.h4 
gxh4 43.gxh4 Bb3 44.Nxd3 Bd5 45.Ne1 Kc4 46.Nd3 Be6 47.Nf4 Bf7 48.Kc2 Be8 
49.Ne6 Bg6+ 50.Kb2 Bf7 51.Ng5 Be8 52.Ne6 Kd3 53.f4 Ke4 54.f5 Ke5 55.Kc3 
Bf7 56.Kd3 Kxf5 57.Nd4+ Kg4 58.Nxb5 Kxh4 59.Ke3 Kg3 60.Nd6 Bd5 61.b5 
1/2-1/2

[Event "18th Reykjavik op"]
[Site "Reykjavik ISL"]
[Date "1998.03.16"]
[Round "7.6"]
[White "Rausis, Igors"]
[Black "Cicak, Slavko"]
[Result "1/2-1/2"]
[WhiteElo "2520"]
[BlackElo "2480"]
[EventDate "1998.03.10"]
[PlyCount "94"]

1.d4 c5 2.d5 Nf6 3.c4 g6 4.Nc3 d6 5.e4 Bg7 6.f4 O-O 7.Nf3 a6 8.a4 e5 9.
fxe5 Ng4 10.Bg5 Qb6 11.Qc2 Nxe5 12.a5 Qc7 13.Nxe5 Bxe5 14.Bd3 Nd7 15.O-O 
Bg7 16.Qd2 Ne5 17.Be2 f6 18.Bh4 f5 19.h3 h5 20.Na4 Bd7 21.Nb6 Rae8 22.Nxd7
Qxd7 23.exf5 Rxf5 24.Qc2 Ref8 25.Rxf5 Qxf5 26.Qxf5 Rxf5 27.Rf1 Rxf1+ 28.
Kxf1 Nf7 29.b3 Bc3 30.Be1 Bb4 31.g4 Bxe1 32.Kxe1 h4 33.g5 Ne5 34.Kd2 Kf8 
35.Ke3 Ke7 36.Kf4 Kd8 37.Bd1 Ke7 38.Bc2 Kf7 39.Be4 Ke7 40.Bc2 Ke8 41.Bd1 
Nd3+ 42.Ke3 Ne5 43.Bf3 Ke7 44.Kf4 Nd3+ 45.Kg4 Ne5+ 46.Kf4 Nd3+ 47.Ke3 Ne5 
1/2-1/2

[Event "18th Reykjavik op"]
[Site "Reykjavik ISL"]
[Date "1998.03.16"]
[Round "7.7"]
[White "Ward, Christopher"]
[Black "Davies, Nigel"]
[Result "1/2-1/2"]
[WhiteElo "2480"]
[BlackElo "2515"]
[EventDate "1998.03.10"]
[PlyCount "32"]

1.d4 Nf6 2.c4 e6 3.Nc3 Bb4 4.Nf3 c5 5.g3 Bxc3+ 6.bxc3 Qa5 7.Qd3 b6 8.Bg2 
Bb7 9.Bg5 Be4 10.Qd2 Nc6 11.d5 exd5 12.O-O Ne7 13.Rac1 O-O-O 14.Bxf6 gxf6 
15.Qf4 Rhe8 16.Qxf6 Nc6 1/2-1/2

[Event "18th Reykjavik op"]
[Site "Reykjavik ISL"]
[Date "1998.03.16"]
[Round "7.8"]
[White "Olafsson, Helgi"]
[Black "Van der Weide, Karel"]
[Result "1/2-1/2"]
[WhiteElo "2505"]
[BlackElo "2450"]
[EventDate "1998.03.10"]
[PlyCount "76"]

1.d4 Nf6 2.Bg5 d5 3.Bxf6 exf6 4.e3 Bd6 5.Bd3 O-O 6.Nd2 c6 7.Ne2 f5 8.c4 
dxc4 9.Nxc4 Bc7 10.Qc2 g6 11.h4 Be6 12.g3 Nd7 13.h5 Nf6 14.hxg6 hxg6 15.
Nf4 Bxf4 16.gxf4 Bxc4 17.Bxc4 Qa5+ 18.Qc3 Qxc3+ 19.bxc3 Ne4 20.Rc1 Kg7 21.
Bd3 Rh8 22.Bxe4 fxe4 23.Ke2 Rxh1 24.Rxh1 b5 25.f3 exf3+ 26.Kxf3 f5 27.c4 
b4 28.a3 bxa3 29.Ra1 a5 30.Ke2 Kf6 31.Kd3 g5 32.fxg5+ Kxg5 33.Rxa3 a4 34.
Kc3 f4 35.exf4+ Kxf4 36.Kb4 Ke4 37.Kc5 Ra5+ 38.Kb6 Ra8 1/2-1/2

[Event "18th Reykjavik op"]
[Site "Reykjavik ISL"]
[Date "1998.03.16"]
[Round "7.9"]
[White "Jonsson, Bjorgvin"]
[Black "Akesson, Ralf"]
[Result "0-1"]
[WhiteElo "2380"]
[BlackElo "2505"]
[EventDate "1998.03.10"]
[PlyCount "70"]

1.e4 c5 2.Nf3 e6 3.d4 cxd4 4.Nxd4 a6 5.Nc3 d6 6.g4 b5 ( 6...Nc6 $5 ) 7.Be3
( 7.a3 h6 8.Bg2 Bb7 9.O-O Nd7 10.f4 Rc8 11.Be3 g5 $13 {Short- Kasparov 
,Amsterdam 1994} ) ( 7.Bg2 Bb7 8.O-O b4 9.Nce2 Nf6 10.Ng3 h6 11.a3 e5 12.
Ndf5 $14 {Hort-Ree,Amsterdam 1994} ) 7...Bb7 8.Bg2 Nd7 9.f4 $5 ( 9.a3 $5 
$14 ) 9...b4 10.Nce2 $6 ( 10.Na4 $5 Ngf6 11.O-O $1 Nxe4 ( 11...Bxe4 12.
Bxe4 Nxe4 13.f5 e5 14.Nc6 $36 ) 12.f5 e5 13.Ne6 $1 $40 ) 10...Ngf6 11.Ng3 
Nc5 12.f5 e5 13.Nb3 Ncxe4 ( 13...Nfxe4 $6 14.Nxc5 Nxc5 15.Bxb7 Nxb7 16.Qd5
$36 ) 14.g5 Qc7 $1 ( 14...Nxg3 15.Bxb7 Nxh1 16.gxf6 $18 ) ( 14...Nd5 15.
Bxe4 Nxe3 16.Qf3 d5 ( 16...Nxc2+ 17.Kd2 Bxe4 18.Qxe4 Nxa1 19.Qc6+ Ke7 20.
f6+ gxf6 21.Nf5+ Ke6 22.Nc5+ Kxf5 23.Qe4+ $18 ) 17.Qxe3 dxe4 $13 ) 15.Na5 
( 15.gxf6 Nxg3 $19 ) ( 15.O-O Nxg3 16.hxg3 Bxg2 17.Kxg2 Qc6+ $17 ) 15...
Qxa5 ( 15...Nxg3 16.Bxb7 ) 16.gxf6 b3+ ( 16...d5 $2 17.Bxe4 dxe4 18.fxg7 
Bxg7 19.Nh5 $18 ) 17.Bd2 ( 17.c3 $2 $19 Nxc3 $19 ) 17...Nxd2 18.Bxb7 Nf3+ 
19.Kf2 ( 19.Kf1 $2 Qb5+ $19 ) 19...Qb6+ 20.Kg2 ( 20.Kxf3 Qxb7+ $17 ) 20...
Nh4+ $6 ( 20...Qxb7 $5 21.Qxf3 Qxf3+ 22.Kxf3 bxc2 $17 ) 21.Kh3 Qxb7 22.
Kxh4 g5+ $6 ( 22...bxc2 $5 23.Qxc2 gxf6 $17 ) 23.Kh5 $1 ( 23.Kxg5 $2 Qg2 
$1 24.axb3 Qh3 $19 ) ( 23.Kh3 h5 $1 $19 ) 23...bxc2 ( 23...Qg2 24.Qg4 $13 
) 24.Qg4 $1 $132 ( 24.Qxc2 $2 Qf3+ $19 ) 24...d5 25.Rhe1 Bd6 26.Qa4+ Qd7 
27.Qxc2 Rc8 28.Qd2 Qa4 29.Ne4 $5 $13 Rc2 30.Qxd5 ( 30.Nxd6+ $2 Kd7 $19 ) 
30...Rxh2+ 31.Kg4 $8 O-O 32.b3 ( 32.Qxd6 Rh4+ ) 32...Qa3 $5 33.Qxd6 $2 ( 
33.Nxd6 $2 Qb2 $1 $19 ) ( 33.Rh1 $1 $13 ) 33...Qb2 34.Qd3 ( 34.Ng3 Rh4+ 
35.Kxg5 ( 35.Kf3 Rf4+ 36.Ke3 Qf2+ 37.Kd3 Rd4+ $19 ) 35...Qh2 $1 $19 ) 
34...h5+ 35.Kxg5 Kh7 0-1